000 nas a22 a 4500
999 _c4607
_d4607
003 AKMAL
005 20170605123926.0
008 170605c19969999my ar p 0 a|may |
040 _aAKMAL
049 0 0 _aAKMAL
110 2 _aJohor
_bKastam Diraja Malaysia
_98872
245 0 0 _aLaporan Tahunan Jabatan Kastam Diraja Malaysia Johor
260 3 _aJohor:
_bKastam Diraja Malaysia Johor,
_c1996-
300 _aj.:
_bil. wrn.;
_c30cm
310 _aTahunan
500 _aHuraian berdasarkan: 1996-
650 1 0 _aCustom administration
_zJohor
_vPeriodicals
_98873
650 2 0 _aHouse organs
_zJohor
_vPeriodicals
_98874
942 _2ddc
_cPERIODICAL